000
00456nam a2200181Ia 4500
008
090123s9999 xx 000 0 und d
082
_b
17272
100
_a
बगे आशा
245
_a
पुजा
250
_a
1
260
_b
मॅजेस्टिक प्रकाशन
_c
1989
300
_a
198
600
_a
बगे आशा
630
_a
पुजा
700
_a
बगे आशा
730
_a
पुजा
942
_c
BOOK
999
_c
55332
_d
55332